| 000 | 01379cam a2200373 a 4500 | ||
|---|---|---|---|
| 001 | 1183260 | ||
| 005 | 20170105102857.0 | ||
| 008 | 971202s1998 enk b 001 0 eng | ||
| 010 | _a 97047455 | ||
| 020 | _a0335201563 | ||
| 020 | _a0335201555 (pbk.) | ||
| 040 |
_aDLC _cDLC _dDLC |
||
| 050 | 0 | 0 |
_aHC79.P6 _bB36 1998 |
| 082 | 0 | 0 |
_a362.5 _221 |
| 100 | 1 |
_aBauman, Zygmunt, _d1925- |
|
| 245 | 1 | 0 |
_aWork, consumerism and the new poor / _cZygmunt Bauman. |
| 260 |
_aBuckingham ; _aPhiladelphia : _bOpen University Press, _c1998. |
||
| 300 |
_aix, 106 p. ; _c24 cm. |
||
| 440 | 0 | _aIssues in society | |
| 504 | _aIncludes bibliographical references (p. [99]-104) and index. | ||
| 650 | 0 | _aPoor. | |
| 650 | 0 |
_aPoor _xPublic opinion. |
|
| 650 | 0 | _aWork ethic. | |
| 650 | 0 |
_aConsumers _xAttitudes. |
|
| 650 | 0 | _aProduction (Economic theory) | |
| 650 | 0 | _aPublic welfare. | |
| 856 | 4 | 2 |
_3Publisher description _uhttp://www.loc.gov/catdir/description/mh051/97047455.html |
| 856 | 4 | 2 |
_3Contributor biographical information _uhttp://www.loc.gov/catdir/bios/mh051/97047455.html |
| 856 | 4 | 1 |
_3Table of contents _uhttp://www.loc.gov/catdir/toc/mh051/97047455.html |
| 906 |
_a7 _bcbc _corignew _d1 _eocip _f19 _gy-gencatlg |
||
| 942 |
_2ddc _cBK |
||
| 999 |
_c14550 _d14550 |
||